The history of medicine

Сохранить в:
Библиографические подробности
Главный автор: Bynum, William (Автор)
Формат:
Язык:английский
Опубликовано: Oxford Oxford University Press 2008
Редактирование:1a. ed
Серии:A Very Short Introduction, 191
Предметы:
Метки: Добавить метку
Нет меток, Требуется 1-ая метка записи!

MARC

LEADER 00000nam a2200000 a 4500
001 UCH5649
003 CL-VaPUC
008 091015e20080000UK |||||||||||||||||eng|d
020 |a 9780199215430 
082 0 4 |a 610.9  |b BYN  |2 21 
100 0 |a Bynum, William  |e author  |9 541954 
245 1 4 |a The history of medicine 
250 |a 1a. ed 
300 |a 169 p 
942 |c BK 
945 |d 20091015 00:00:00  |a rbrito 
260 |a Oxford  |b Oxford University Press  |c 2008 
650 7 |a MEDICINA HISTORIA  |2 CL-VaPUC  |9 316542 
650 7 |a HISTORIA DE LA MEDICINA  |2 CL-VaPUC  |9 458623 
583 |a last modification  |c 20091015 00:00:00  |k Rodrigo Vera 
490 0 |a A Very Short Introduction, 191 
999 |c 336754  |d 336752 
952 |0 0  |1 0  |4 0  |6 610_900000000000000_BYN_2008  |7 0  |8 A  |9 428675  |a BIBHIS  |b BIBHIS  |d 2019-11-22  |i 4606426  |l 3  |o 610.9 BYN 2008  |p 4606426  |r 2025-01-20  |s 2024-11-11  |w 2019-11-22  |y BK  |k HIS